Hoffen worauf?: Auseinandersetzung mit Ernst Bloch
| Main Author: | |
|---|---|
| Format: | Print Book |
| Language: | German |
| Subito Delivery Service: | Order now. |
| Check availability: | HBZ Gateway |
| WorldCat: | WorldCat |
| Interlibrary Loan: | Interlibrary Loan for the Fachinformationsdienste (Specialized Information Services in Germany) |
| Published: |
Hamburg
Furche-Verl.
c 1963
|
| In: |
Stundenbücher (23)
Year: 1963 |
| Series/Journal: | Stundenbücher
23 |
| Standardized Subjects / Keyword chains: | B
Bloch, Ernst 1885-1977
/ Philosophy
B Bloch, Ernst 1885-1977 / Hope |
| Further subjects: | B
Hope
B Bloch, Ernst (1885-1977) |
| Online Access: |
Table of Contents |
| Sammlungen: |
MARC
| LEADER | 00000cam a2200000 c 4500 | ||
|---|---|---|---|
| 001 | 1110545444 | ||
| 003 | DE-627 | ||
| 005 | 20251224221552.0 | ||
| 007 | tu | ||
| 008 | 940815s1963 gw ||||| 00| ||ger c | ||
| 016 | 7 | |a 453226388 |2 DE-101 | |
| 020 | |c : 2.50 (kart. lamin.) | ||
| 035 | |a (DE-627)1110545444 | ||
| 035 | |a (DE-576)04054544X | ||
| 035 | |a (DE-599)BSZ04054544X | ||
| 035 | |a (OCoLC)603207836 | ||
| 035 | |a (OCoLC)00770076 | ||
| 035 | |a (DE-604)8050866001 | ||
| 040 | |a DE-627 |b ger |c DE-627 |e rakwb | ||
| 041 | |a ger | ||
| 044 | |c XA-DE | ||
| 050 | 0 | |a BV4638 | |
| 050 | 0 | |a B3209.B754 | |
| 082 | 0 | |a 193 | |
| 082 | 0 | |a 148 | |
| 084 | |a 03a |2 sdnb | ||
| 084 | |a 02a |2 sdnb | ||
| 084 | |a 1 |2 ssgn | ||
| 084 | |a CC 8500 |2 rvk |0 (DE-625)rvk/17709: | ||
| 084 | |a CI 1417 |2 rvk |0 (DE-625)rvk/18376:11616 | ||
| 084 | |a BF 5211 |2 rvk |0 (DE-625)rvk/11031:11597 | ||
| 084 | |a 08.25 |2 bkl | ||
| 100 | 1 | |0 (DE-588)142643033 |0 (DE-627)638053234 |0 (DE-576)332570576 |4 aut |a Marsch, Wolf-Dieter |d 1928-1972 | |
| 109 | |a Marsch, Wolf-Dieter 1928-1972 |a Marsch, Wolf Dieter 1928-1972 |a Marsch, Wolf D. 1928-1972 |a Marsch, W.-D. 1928-1972 | ||
| 245 | 1 | 0 | |a Hoffen worauf? |b Auseinandersetzung mit Ernst Bloch |c Wolf-Dieter Marsch |
| 264 | 1 | |a Hamburg |b Furche-Verl. |c c 1963 | |
| 300 | |a 121 Seiten |c kl. 8 | ||
| 336 | |a Text |b txt |2 rdacontent | ||
| 337 | |a ohne Hilfsmittel zu benutzen |b n |2 rdamedia | ||
| 338 | |a Band |b nc |2 rdacarrier | ||
| 490 | 1 | |a Stundenbücher |v 23 | |
| 505 | 8 | |a Literaturangaben | |
| 546 | |a Deutsch | ||
| 583 | 1 | |a Massenentsäuert |c 2011 |2 pdager |5 DE-18 | |
| 583 | 1 | |a Archivierung/Langzeitarchivierung gewährleistet |f SSG |x XA-DE-BW |2 pdager |5 DE-21 | |
| 600 | 1 | 0 | |a Bloch, Ernst |d 1885-1977 |
| 601 | |a Auseinandersetzung | ||
| 650 | 0 | |a Hope | |
| 689 | 0 | 0 | |d p |0 (DE-588)118511742 |0 (DE-627)134561147 |0 (DE-576)160324289 |2 gnd |a Bloch, Ernst |d 1885-1977 |
| 689 | 0 | 1 | |d s |0 (DE-588)4045791-6 |0 (DE-627)106200259 |0 (DE-576)209066873 |2 gnd |a Philosophie |
| 689 | 0 | |5 (DE-627) | |
| 689 | 1 | 0 | |d p |0 (DE-588)118511742 |0 (DE-627)134561147 |0 (DE-576)160324289 |2 gnd |a Bloch, Ernst |d 1885-1977 |
| 689 | 1 | 1 | |d s |0 (DE-588)4025493-8 |0 (DE-627)106293052 |0 (DE-576)208961224 |2 gnd |a Hoffnung |
| 689 | 1 | |5 (DE-627) | |
| 830 | 0 | |a Stundenbücher |v 23 |9 23 |w (DE-627)130214442 |w (DE-576)015760693 |w (DE-600)536052-3 |x 0175-7644 |7 am | |
| 856 | 4 | 2 | |u http://d-nb.info/453226388/04 |m B:DE-101 |q pdf/application |v 20161126003402 |x Verlag |3 Inhaltsverzeichnis |7 1 |
| 889 | |w (DE-576)9124267201 | ||
| 889 | |w (DE-627)421364041 | ||
| 889 | |w (DE-627)124267203 | ||
| 935 | |a mteo |a RFBW | ||
| 935 | |i mdedup | ||
| 936 | r | v | |a CC 8500 |b Abhandlungen |k Philosophie |k Systematische Philosophie |k Religionsphilosophie |k Abhandlungen |0 (DE-627)1270639315 |0 (DE-625)rvk/17709: |0 (DE-576)200639315 |
| 936 | r | v | |a CI 1417 |b Abhandlungen, Studien |k Philosophie |k Geschichte der Philosophie |k Geschichte der Philosophie des Abendlandes von Antike bis 20. Jahrhundert |k Philosophie des 20. Jahrhunderts |k Deutschland und deutschsprachige Länder |k Autoren |k Autoren B |k Bloch, Ernst |k Abhandlungen, Studien |0 (DE-627)127148871X |0 (DE-625)rvk/18376:11616 |0 (DE-576)20148871X |
| 936 | r | v | |a BF 5211 |b Sekundärliteratur |k Theologie und Religionswissenschaften |k Philosophie |k Quellen zur Philosophiegeschichte |k Neueste Zeit (ab ca. 1850) |k Autoren B |k Bloch, Ernst |k Sekundärliteratur |0 (DE-627)1271716070 |0 (DE-625)rvk/11031:11597 |0 (DE-576)201716070 |
| 936 | b | k | |a 08.25 |j Zeitgenössische westliche Philosophie |0 (DE-627)106403672 |
| 951 | |a BO | ||
| ELC | |b 1 | ||
| ITA | |a 1 |t 1 | ||
| LOK | |0 000 xxxxxcx a22 zn 4500 | ||
| LOK | |0 001 2236551835 | ||
| LOK | |0 003 DE-627 | ||
| LOK | |0 004 1110545444 | ||
| LOK | |0 005 20040119000000 | ||
| LOK | |0 008 040119||||||||||||||||ger||||||| | ||
| LOK | |0 040 |a DE-21 |c DE-627 |d DE-21 | ||
| LOK | |0 852 |a DE-21 | ||
| LOK | |0 852 1 |c 3 A 6251 |9 00 | ||
| LOK | |0 935 |a konv | ||
| LOK | |0 939 |a 19-01-04 |b l01 | ||
| LOK | |0 000 xxxxxcx a22 zn 4500 | ||
| LOK | |0 001 4489071116 | ||
| LOK | |0 003 DE-627 | ||
| LOK | |0 004 1110545444 | ||
| LOK | |0 005 20240902124838 | ||
| LOK | |0 008 240221||||||||||||||||ger||||||| | ||
| LOK | |0 040 |a DE-Tue135 |c DE-627 |d DE-Tue135 | ||
| LOK | |0 092 |o n | ||
| LOK | |0 852 |a DE-Tue135 | ||
| LOK | |0 852 1 |9 00 | ||
| LOK | |0 866 |x SPQUE#Reformationsgeschichtliche Forschungsbibliothek Wittenberg#SPSAM#Predigerseminar#SPUSM#Bestand(1952-2017) | ||
| LOK | |0 935 |a RFBW |a bips |a psnb | ||
| LOK | |0 939 |a 21-02-24 |b l01 | ||
| ORI | |a SA-MARC-ixtheoa001.raw | ||
| REL | |a 1 | ||
| STA | 0 | 0 | |a Hope,Hope,Hope,Philosophy,Philosophy in literature |
| STB | 0 | 0 | |a Espérance,Espérance,Espoir,Espoir,Espérance,Espoir (motif),Espoir,Philosophie,Philosophie |
| STC | 0 | 0 | |a Esperanza,Esperanza,Esperanza,Filosofía,Filosofía |
| STD | 0 | 0 | |a Filosofia,Filosofia,Speranza,Speranza |
| STE | 0 | 0 | |a 哲学,希望,希望,盼望,盼望 |
| STF | 0 | 0 | |a 哲學,希望,希望,盼望,盼望 |
| STG | 0 | 0 | |a Esperança,Esperança,Filosofia,Filosofia |
| STH | 0 | 0 | |a Надежда (мотив),Надежда,Философия (мотив),Философия |
| STI | 0 | 0 | |a Ελπίδα (μοτίβο),Ελπίδα,Φιλοσοφία (μοτίβο),Φιλοσοφία |
| SUB | |a REL | ||
| SYA | 0 | 0 | |a Bloch, Ernst Simon,1885-1977,Burohho, Erunsuto,1885-1977,Pŭllohŭ, Erŭnsŭt'ŭ,1885-1977,Knerz, Jakob,1885-1977,Jahraus, Karl,1885-1977,E. B.,1885-1977,Burotuho, Erunsuto,1885-1977,Bloch, Ernest,1885-1977 |
| SYG | 0 | 0 | |a Bloch, Ernst Simon,1885-1977,Burohho, Erunsuto,1885-1977,Pŭllohŭ, Erŭnsŭt'ŭ,1885-1977,Knerz, Jakob,1885-1977,Jahraus, Karl,1885-1977,E. B.,1885-1977,Burotuho, Erunsuto,1885-1977,Bloch, Ernest,1885-1977 , Philosophy,Philosophieren , Bloch, Ernst Simon,1885-1977,Burohho, Erunsuto,1885-1977,Pŭllohŭ, Erŭnsŭt'ŭ,1885-1977,Knerz, Jakob,1885-1977,Jahraus, Karl,1885-1977,E. B.,1885-1977,Burotuho, Erunsuto,1885-1977,Bloch, Ernest,1885-1977 |



